Tuḥfat al-ashrāf bi-maʻrifat al-aṭrāf, li-Jamāl al-Dīn Abī al-Ḥajjāj Yūsuf ibn al-Zakī ʻAbd al-Raḥmān ibn Yūsuf al-Mizzī. (Record no. 81511)

MARC details
000 -LEADER
fixed length control field 01735cam a2200277 4500
001 - CONTROL NUMBER
control field sa 68006762
003 - CONTROL NUMBER IDENTIFIER
control field DLC
005 - DATE AND TIME OF LATEST TRANSACTION
control field 20260227112518.0
008 - FIXED-LENGTH DATA ELEMENTS--GENERAL INFORMATION
fixed length control field 910910m19651982ii b 001 0 arar
010 ## - LIBRARY OF CONGRESS CONTROL NUMBER
LC control number sa 68006762
040 ## - CATALOGING SOURCE
Original cataloging agency DLC
Transcribing agency DLC
Modifying agency DLC
050 00 - LIBRARY OF CONGRESS CALL NUMBER
Classification number BP135.2
Item number .M5
082 00 - DEWEY DECIMAL CLASSIFICATION NUMBER
Classification number 297/.124
Edition number 19
100 1# - MAIN ENTRY--PERSONAL NAME
Personal name Mizzī, Yūsuf ibn al-Zakī ʻAbd al-Raḥmān,
Dates associated with a name 1256-1341.
245 10 - TITLE STATEMENT
Title Tuḥfat al-ashrāf bi-maʻrifat al-aṭrāf, li-Jamāl al-Dīn Abī al-Ḥajjāj Yūsuf ibn al-Zakī ʻAbd al-Raḥmān ibn Yūsuf al-Mizzī.
Remainder of title Maʻa al-Nukat al-ẓirāf ʻalá al-aṭrāf, taʻlīqāt Ibn Ḥajar al-ʻAsqalānī. Ṣaḥḥaḥahu wa-ʻallaqa ʻalayhi ʻAbd al-Ṣamad Sharaf al-Dīn.
260 ## - PUBLICATION, DISTRIBUTION, ETC.
Place of publication, distribution, etc. Bhīwandī :
Name of publisher, distributor, etc. al-Dār al-Qayyimah,
Date of publication, distribution, etc. 1965-1982.
300 ## - PHYSICAL DESCRIPTION
Extent 13 v. ;
Dimensions 26 cm.
500 ## - GENERAL NOTE
General note Introd. in English.
500 ## - GENERAL NOTE
General note Title on added t.p.: Tuḥfatuʼl-ashrāf bi maʻrifatiʼl-aṭrāf.
504 ## - BIBLIOGRAPHY, ETC. NOTE
Bibliography, etc. note Includes bibliographies and indexes.
505 0# - FORMATTED CONTENTS NOTE
Formatted contents note juzʼ 1. Abyaḍ ibn Jamāl, Anas ibn Mālik -- juzʼ 2. Ihbān Jawdān -- juzʼ 3. Ḥābis al-Tamīmī, Saʻd ibn Muʻādh -- juzʼ 4. Saʻd Mūlay Abī Bakr, ʻAbd Allāh ibn ʻAbbās -- juzʼ 5. ʻAbd Allāh ibn ʻAbbās, ʻAbd Allāh ibn ʻUmar -- juzʼ 6. ʻAbd Allāh ibn ʻUmar, ʻAbd Allāh ibn Mālik -- juzʼ 7. ʻAbd Allāh ibn Masʻūd, ʻAmārah ibn Shubayb -- juzʼ 8. ʻUmar ibn al-Ḥakam, al-Muhājjir ibn Qunfudh -- juzʼ 9. Nājiyah, Abū Hurayrah -- juzʼ 10. Abū Hurayrah.
650 #0 - SUBJECT ADDED ENTRY--TOPICAL TERM
Topical term or geographic name entry element Hadith
General subdivision Early works to 1800.
700 2# - ADDED ENTRY--PERSONAL NAME
Personal name Sharaf al-Dīn, ʻAbd al-Ṣamad.
700 22 - ADDED ENTRY--PERSONAL NAME
Personal name Ibn Ḥajar al-ʻAsqalānī, Aḥmad ibn ʻAlī,
Dates associated with a name 1372-1449.
Title of a work Nukat al-ẓirāf.
Date of a work 1965.
740 0# - ADDED ENTRY--UNCONTROLLED RELATED/ANALYTICAL TITLE
Uncontrolled related/analytical title Tuḥfatuʼl-ashrāf bi maʻrifatiʼl-aṭrāf.

No items available.

Powered by Koha